[Event "3rd ch-GER Internet Blitz Candidates"]
[Site "playchess INT"]
[Date "2005.04.02"]
[Round "2"]
[White "Polaczek, R."]
[Black "Heimann, A."]
[Result "1-0"]
[WhiteElo "2426"]
[BlackElo "2095"]
[PlyCount "65"]
[EventDate "2005.04.02"]
[EventType "swiss (blitz)"]
[EventRounds "15"]
[Source "Mark Crowther"]
[SourceDate "2005.04.04"]

1. d4 Nf6 2. Bg5 Ne4 3. Bf4 c5 4. f3 Qa5+ 5. c3 Nf6 6. Nd2 cxd4 7. Nb3 Qb6 8.
Qxd4 Nc6 9. Qxb6 axb6 10. Nd4 e5 11. Nxc6 exf4 12. Nd4 d5 13. e3 fxe3 14. Ke2
Bc5 15. Kxe3 O-O 16. Bd3 Bd7 17. Nge2 b5 18. a3 Ne8 19. Kd2 Nd6 20. Nf4 Nc4+
21. Bxc4 dxc4 22. Rhe1 Rad8 23. Rad1 Bxd4 24. cxd4 g5 25. Nh5 Bf5 26. Kc3 Bg6
27. Nf6+ Kg7 28. Ne4 Rfe8 29. Nc5 b6 30. Na6 h6 31. Nc7 Rxe1 32. Rxe1 f5 33.
Ne6+ 1-0

[Event "3rd ch-GER Internet Blitz Candidates"]
[Site "playchess INT"]
[Date "2005.04.02"]
[Round "2"]
[White "Peschlow, P."]
[Black "Buscher, M."]
[Result "0-1"]
[WhiteElo "2318"]
[BlackElo "2305"]
[PlyCount "108"]
[EventDate "2005.04.02"]
[EventType "swiss (blitz)"]
[EventRounds "15"]
[Source "Mark Crowther"]
[SourceDate "2005.04.04"]

1. e4 c5 2. Nf3 Nc6 3. d4 cxd4 4. Nxd4 Nf6 5. Nc3 d6 6. Bg5 e6 7. Qd2 a6 8.
O-O-O Bd7 9. f4 Be7 10. Nf3 b5 11. Bxf6 gxf6 12. f5 h5 13. Kb1 Qb6 14. g3 O-O-O
15. fxe6 fxe6 16. Bh3 Kb8 17. Rhf1 Bc8 18. Ne2 Ka7 19. Nfd4 Nxd4 20. Nxd4 d5
21. Qc3 Bc5 22. Nxe6 Bxe6 23. Bxe6 dxe4 24. Rxd8 Rxd8 25. Qxf6 e3 26. Qg7+ Kb8
27. Qe5+ Qc7 28. Qxh5 Qd6 29. Bg4 Bd4 30. a3 Be5 31. Qf7 Qd4 32. Qb3 Qxg4 33.
Qxe3 Qd4 34. Qxd4 Rxd4 35. c3 Rd2 36. Rf5 Bc7 37. Rh5 Rg2 38. Ka2 Kb7 39. Kb3
Kc6 40. a4 Bd6 41. axb5+ axb5 42. c4 b4 43. Rh6 Rf2 44. h4 Rf3+ 45. Kc2 Rxg3
46. h5 b3+ 47. Kd2 Kc5 48. Rh7 Bf4+ 49. Ke2 Be5 50. Re7 Bxb2 51. h6 Rh3 52. h7
Kxc4 53. Rc7+ Kd5 54. Rb7 Be5 0-1

[Event "3rd ch-GER Internet Blitz Candidates"]
[Site "playchess INT"]
[Date "2005.04.02"]
[Round "2"]
[White "Gaede, D."]
[Black "Muse, D."]
[Result "0-1"]
[WhiteElo "2194"]
[BlackElo "2418"]
[PlyCount "96"]
[EventDate "2005.04.02"]
[EventType "swiss (blitz)"]
[EventRounds "15"]
[Source "Mark Crowther"]
[SourceDate "2005.04.04"]

1. d4 d6 2. c4 g6 3. Nc3 Bg7 4. e4 e5 5. dxe5 dxe5 6. Qxd8+ Kxd8 7. Bg5+ f6 8.
O-O-O+ Ke8 9. Nb5 Na6 10. Be3 c6 11. Nd6+ Ke7 12. f4 Nh6 13. fxe5 Ng4 14. exf6+
Bxf6 15. Bf4 g5 16. Bg3 h5 17. Nf3 h4 18. Be1 Nc5 19. Bb4 b6 20. e5 Nxe5 21.
Ne4 Nxf3 22. gxf3 Be5 23. Nxc5 bxc5 24. Bxc5+ Kf6 25. Bd3 Bf4+ 26. Kc2 Re8 27.
Be4 Bf5 28. Rhe1 Bxe4+ 29. fxe4 Bxh2 30. Rf1+ Bf4 31. Bd4+ Kg6 32. Kd3 Rad8 33.
b4 Be5 34. Ke3 Bxd4+ 35. Rxd4 Rxd4 36. Kxd4 h3 37. b5 cxb5 38. c5 g4 39. c6 h2
40. Ke3 g3 41. Kf3 Rf8+ 42. Kxg3 Rxf1 43. Kxh2 Rc1 44. Kg3 Rxc6 45. Kf4 Kf6 46.
Ke3 Ke5 47. Kd3 Rc4 48. Kd2 Ra4 0-1

[Event "3rd ch-GER Internet Blitz Candidates"]
[Site "playchess INT"]
[Date "2005.04.02"]
[Round "2"]
[White "Reich, T."]
[Black "Brener, I."]
[Result "0-1"]
[WhiteElo "2406"]
[BlackElo "2321"]
[PlyCount "122"]
[EventDate "2005.04.02"]
[EventType "swiss (blitz)"]
[EventRounds "15"]
[Source "Mark Crowther"]
[SourceDate "2005.04.04"]

1. d4 Nf6 2. c4 g6 3. Nc3 Bg7 4. e4 d6 5. f3 O-O 6. Be3 c5 7. dxc5 dxc5 8. Qxd8
Rxd8 9. Bxc5 Nc6 10. Nge2 Nd7 11. Ba3 Nde5 12. Nf4 Nd4 13. O-O-O Bh6 14. Bxe7
Bxf4+ 15. Kb1 Re8 16. Nd5 Ndc6 17. Nf6+ Kh8 18. Nxe8 Nxe7 19. Rd8 N5c6 20. Rd1
Be6 21. Nf6 Kg7 22. Nd5 Bxd5 23. cxd5 Nd8 24. g3 Bd6 25. f4 f6 26. Bh3 Nf7 27.
Be6 h5 28. Rhe1 Rd8 29. e5 fxe5 30. Bxf7 Kxf7 31. fxe5 Bb4 32. Rf1+ Kg8 33. a3
Bc5 34. b4 Nxd5 35. Rxd5 Rxd5 36. bxc5 Rxe5 37. Rd1 Rxc5 38. Rd7 Rb5+ 39. Kc2
a6 40. Kc3 g5 41. Kc4 g4 42. a4 Rb2 43. a5 Rxh2 44. Rxb7 Rg2 45. Rb3 Ra2 46.
Kb4 Kf7 47. Rc3 Rb2+ 48. Ka4 Rf2 49. Kb4 Rf3 50. Rc5 Rxg3 51. Rxh5 Kg6 52. Rh8
Kg7 53. Rh5 Rg1 54. Kc5 Kg6 55. Rh8 Rb1 56. Rg8+ Kf5 57. Rf8+ Ke4 58. Rg8 Kf3
59. Rf8+ Ke2 60. Kd4 g3 61. Ke4 g2 0-1

[Event "3rd ch-GER Internet Blitz Candidates"]
[Site "playchess INT"]
[Date "2005.04.02"]
[Round "2"]
[White "Drabke, L."]
[Black "Schunk, T1."]
[Result "1/2-1/2"]
[WhiteElo "2456"]
[BlackElo "2280"]
[PlyCount "80"]
[EventDate "2005.04.02"]
[EventType "swiss (blitz)"]
[EventRounds "15"]
[Source "Mark Crowther"]
[SourceDate "2005.04.04"]

1. e4 g6 2. d4 c6 3. Nc3 d5 4. h3 Nh6 5. Nf3 Bg7 6. exd5 cxd5 7. Bf4 f6 8. Nb5
O-O 9. c4 Nc6 10. cxd5 Qxd5 11. Nc3 Qa5 12. Bc4+ Kh8 13. O-O e5 14. dxe5 fxe5
15. Bd2 Qc5 16. Qa4 Bxh3 17. Ne4 Qb6 18. Be3 Qc7 19. gxh3 Rxf3 20. Ng5 Rff8 21.
Ne6 Qe7 22. Nxf8 Rxf8 23. Bd5 Nf5 24. Qg4 Nb4 25. Be4 Nd6 26. Bg5 Bf6 27. Bxf6+
Qxf6 28. Bxb7 Nc2 29. Rac1 Nd4 30. Bg2 h5 31. Qd1 Qg5 32. Rc5 Ne4 33. f4 Rxf4
34. Rxf4 Qxf4 35. Rc8+ Kg7 36. Qf1 Qe3+ 37. Kh2 Qg3+ 38. Kg1 Qe3+ 39. Kh2 Qg3+
40. Kg1 Qe3+ 1/2-1/2

[Event "3rd ch-GER Internet Blitz Candidates"]
[Site "playchess INT"]
[Date "2005.04.02"]
[Round "2"]
[White "Berelovich, A."]
[Black "Hoffmann, L."]
[Result "1-0"]
[WhiteElo "2542"]
[BlackElo "2157"]
[PlyCount "101"]
[EventDate "2005.04.02"]
[EventType "swiss (blitz)"]
[EventRounds "15"]
[Source "Mark Crowther"]
[SourceDate "2005.04.04"]

1. e4 c5 2. c3 g6 3. d4 Qc7 4. Nf3 Bg7 5. Be2 d6 6. O-O Nd7 7. Bf4 e5 8. dxe5
dxe5 9. Bg3 Ngf6 10. Qc2 O-O 11. Na3 a6 12. Nc4 Nh5 13. Rad1 Nxg3 14. hxg3 Nb6
15. Nxb6 Qxb6 16. Bc4 Bg4 17. Rd3 Rad8 18. Rfd1 Rxd3 19. Rxd3 Rd8 20. Ng5 Rf8
21. f3 Be6 22. Nxe6 fxe6 23. Qd2 Kh8 24. Rd7 Qc6 25. Rd6 Qa4 26. b3 Qa3 27. Rd7
b5 28. Bxe6 c4 29. bxc4 bxc4 30. Bxc4 Qc5+ 31. Kh2 Qxc4 32. Qd6 Qxc3 33. Qe7
Rg8 34. Rd8 Qc4 35. a3 Qb3 36. Qd6 Rxd8 37. Qxd8+ Qg8 38. Qa5 Qe6 39. Qd8+ Qg8
40. Qb6 Qc8 41. a4 Bf8 42. Qf6+ Kg8 43. Qb6 Bg7 44. a5 Bf8 45. Qf6 Bg7 46. Qd6
h5 47. Qd5+ Kh7 48. Qd6 h4 49. gxh4 Bh6 50. Qe7+ Bg7 51. h5 1-0

[Event "3rd ch-GER Internet Blitz Candidates"]
[Site "playchess INT"]
[Date "2005.04.02"]
[Round "2"]
[White "Rachut, S."]
[Black "Zwahr, P."]
[Result "0-1"]
[WhiteElo "2068"]
[BlackElo "2104"]
[PlyCount "154"]
[EventDate "2005.04.02"]
[EventType "swiss (blitz)"]
[EventRounds "15"]
[Source "Mark Crowther"]
[SourceDate "2005.04.04"]

1. e4 c5 2. Nf3 e6 3. d3 Nc6 4. g3 g6 5. Bg2 Bg7 6. O-O Nge7 7. c3 d5 8. exd5
exd5 9. Bg5 O-O 10. Re1 Be6 11. Na3 h6 12. Bf4 g5 13. Bc1 a6 14. Nc2 Qd7 15.
Ne3 Bh3 16. Bh1 b5 17. c4 d4 18. Nd5 Nxd5 19. cxd5 Nb4 20. Ne5 Qd6 21. Nc6 Nxc6
22. dxc6 Be6 23. Qf3 Rac8 24. h4 gxh4 25. gxh4 Rce8 26. Bf4 Qd8 27. Bg3 Qb6 28.
Bd6 c4 29. Qg3 Kh8 30. Rac1 Rg8 31. Bg2 f6 32. Kh2 Bf8 33. Qf4 Rxg2+ 34. Kxg2
Qxc6+ 35. Kg1 Qxd6 36. Qxd6 Bxd6 37. dxc4 bxc4 38. Rxc4 Bxc4 39. Rxe8+ Kg7 40.
Rd8 Be5 41. f4 Bxf4 42. Kg2 Be5 43. Kf3 Bxa2 44. Ke4 Bb1+ 45. Kf3 d3 46. Ke3
Bxb2 47. Rd6 Be5 48. Rxa6 Kg6 49. Ra4 Bc2 50. Ra7 Bd6 51. Rd7 Bc5+ 52. Kd2 Bb4+
53. Kc1 Ba3+ 54. Kd2 Kh5 55. Rd4 Bc5 56. Rd5+ Kxh4 57. Rxc5 Kg4 58. Rc4+ Kg5
59. Rc8 f5 60. Rg8+ Kf4 61. Rh8 Kg5 62. Rg8+ Kh4 63. Rf8 Kg4 64. Rg8+ Kf3 65.
Rh8 f4 66. Rxh6 Kf2 67. Rf6 f3 68. Rf8 Kg2 69. Rg8+ Kf1 70. Rf8 f2 71. Rf7 Bb3
72. Rf8 Bc4 73. Rf6 Bb5 74. Rf8 Ba4 75. Rf6 Bb3 76. Rf8 Kg1 77. Rg8+ Bxg8 0-1

[Event "3rd ch-GER Internet Blitz Candidates"]
[Site "playchess INT"]
[Date "2005.04.02"]
[Round "2"]
[White "Schoeneberg, M."]
[Black "Renner, Christo"]
[Result "0-1"]
[WhiteElo "2326"]
[BlackElo "2398"]
[PlyCount "170"]
[EventDate "2005.04.02"]
[EventType "swiss (blitz)"]
[EventRounds "15"]
[Source "Mark Crowther"]
[SourceDate "2005.04.04"]

1. e4 e5 2. Nc3 Nc6 3. Bc4 Nf6 4. d3 Na5 5. Nge2 Nxc4 6. dxc4 Bc5 7. O-O d6 8.
Bg5 h6 9. Bxf6 Qxf6 10. b4 Bb6 11. Nd5 Qd8 12. a4 c6 13. Nxb6 axb6 14. Qd3 Be6
15. Rfd1 O-O 16. Qxd6 Bxc4 17. Qxe5 Qc8 18. Nc3 Re8 19. Qd4 Qe6 20. h3 b5 21.
a5 Rad8 22. Qb6 Qe7 23. a6 Rxd1+ 24. Rxd1 bxa6 25. Qxc6 Rb8 26. Qd6 Qxd6 27.
Rxd6 Ra8 28. f4 a5 29. bxa5 Rxa5 30. Nd5 Ra1+ 31. Kf2 Rf1+ 32. Kg3 Re1 33. e5
Re2 34. Nb4 g6 35. Kf3 Re1 36. Rd4 Rc1 37. Rd2 h5 38. Ke4 Kg7 39. Kd4 Rg1 40.
Kc5 h4 41. Nd5 g5 42. fxg5 Kg6 43. Ne3 Be6 44. Kxb5 Kxg5 45. c4 Kf4 46. Nd5+
Kxe5 47. Nc7 Rb1+ 48. Kc5 Bxc4 49. Rd4 Bf1 50. Rxh4 Bxg2 51. Nb5 Rc1+ 52. Kb4
f5 53. Nc3 Bc6 54. Ne2 Re1 55. Nd4 Be4 56. Nxf5 Bxf5 57. Kc3 Re3+ 58. Kd2 Rg3
59. Ke2 Bxh3 60. Kf2 Rb3 61. Rh8 Kf4 62. Rf8+ Bf5 63. Ke2 Rb2+ 64. Kd1 Ke4 65.
Kc1 Rg2 66. Rd8 Ke3 67. Rd6 Be4 68. Rd8 Bd3 69. Rd6 Ke4 70. Rd8 Ke3 71. Rd6
Rg1+ 72. Kb2 Rb1+ 73. Ka2 Rb7 74. Rd8 Kd2 75. Rc8 Rb4 76. Rc7 Rb6 77. Rc8 Ke3
78. Rc7 Kd2 79. Rc8 Be4 80. Rc7 Bd5+ 81. Ka3 Kd3 82. Ka4 Bc4 83. Rg7 Kc3 84.
Rg3+ Bd3 85. Rf3 Ra6# 0-1

[Event "3rd ch-GER Internet Blitz Candidates"]
[Site "playchess INT"]
[Date "2005.04.02"]
[Round "2"]
[White "Zumsande, M."]
[Black "Koepke, C."]
[Result "1-0"]
[WhiteElo "2381"]
[BlackElo "2226"]
[PlyCount "117"]
[EventDate "2005.04.02"]
[EventType "swiss (blitz)"]
[EventRounds "15"]
[Source "Mark Crowther"]
[SourceDate "2005.04.04"]

1. e4 d5 2. exd5 Qxd5 3. Nc3 Qe5+ 4. Be2 c6 5. Nf3 Qc7 6. O-O Bf5 7. d4 e6 8.
Re1 Nf6 9. d5 cxd5 10. Nxd5 exd5 11. Bb5+ Kd8 12. Qxd5+ Bd7 13. Bg5 Be7 14.
Bxf6 Bxf6 15. Rad1 Kc8 16. Bxd7+ Nxd7 17. Qxf7 Rd8 18. c3 b6 19. Qd5 Qb7 20.
Qf5 Qc6 21. Re6 Qc7 22. Qe4 Kb8 23. Nd4 Bxd4 24. Qxd4 a6 25. Re7 Kc8 26. Rxg7
Ra7 27. Rxh7 Qc5 28. Qxc5+ bxc5 29. h4 Rb7 30. b3 Rb6 31. Rh5 Re6 32. Rhd5 Re7
33. g4 Rg8 34. f3 Ne5 35. Rxc5+ Kb7 36. Kf2 Rf8 37. Rcd5 Rxf3+ 38. Kg2 Rf4 39.
R1d4 Rxg4+ 40. Rxg4 Nxg4 41. Rd4 Nf6 42. Rd6 Re2+ 43. Kf3 Rxa2 44. Rxf6 Rc2 45.
Ke4 Rxc3 46. Rf7+ Kb6 47. h5 Rxb3 48. h6 Rh3 49. h7 Kb5 50. Kf5 Kb4 51. Kg6 a5
52. Kf6 Kb5 53. Kg7 Kb4 54. h8=Q Rxh8 55. Kxh8 a4 56. Rb7+ Kc3 57. Kg7 a3 58.
Ra7 Kb2 59. Kf6 1-0

[Event "3rd ch-GER Internet Blitz Candidates"]
[Site "playchess INT"]
[Date "2005.04.02"]
[Round "2"]
[White "Buchenau, F."]
[Black "Rodewis, T."]
[Result "1/2-1/2"]
[WhiteElo "2345"]
[BlackElo "2364"]
[PlyCount "220"]
[EventDate "2005.04.02"]
[EventType "swiss (blitz)"]
[EventRounds "15"]
[Source "Mark Crowther"]
[SourceDate "2005.04.04"]

1. e4 c5 2. b3 Nf6 3. e5 Nd5 4. Bb2 e6 5. Nf3 Nc6 6. Bb5 Qb6 7. Bc4 d6 8. Bxd5
exd5 9. Nc3 dxe5 10. Nxd5 Qd8 11. Ne3 Bd6 12. O-O O-O 13. Nc4 f6 14. d3 Bg4 15.
Ne3 Bh5 16. Nf5 Re8 17. Ng3 Bg4 18. h3 Be6 19. Re1 Bf8 20. c3 Qd7 21. d4 cxd4
22. cxd4 exd4 23. Nxd4 Nxd4 24. Qxd4 Qxd4 25. Bxd4 b6 26. Rac1 Bb4 27. Re2 Bf7
28. Rxe8+ Rxe8 29. Rc7 Re7 30. Rc8+ Re8 31. Rc7 Re1+ 32. Kh2 Re7 33. Rc8+ Be8
34. Nf5 Re4 35. Be3 g6 36. Ng3 Re7 37. Ne2 Kf7 38. Nf4 Bd7 39. Ra8 Bd6 40. g3
Bc6 41. Rc8 Rc7 42. Rh8 Kg7 43. Rd8 Rd7 44. Rc8 Bb7 45. Rc1 Kf7 46. Rc2 Be5 47.
h4 Rd1 48. Ng2 Rd7 49. Bf4 Ba1 50. Rc1 Bb2 51. Rc2 Bd4 52. Be3 Be5 53. Bf4 Be4
54. Re2 Bxg2 55. Kxg2 Bxf4 56. gxf4 Rd3 57. Kh2 Rf3 58. Rc2 Rxf4 59. Kg3 Re4
60. Rc7+ Re7 61. Rc8 Ke6 62. Kf4 Kd5 63. Kf3 a5 64. Rf8 f5 65. h5 Re6 66. Rf7
gxh5 67. Rxh7 Rc6 68. Rxh5 Ke5 69. Rh8 Rc3+ 70. Kg2 Rc2 71. Rb8 Rxa2 72. Rxb6
Kf4 73. Rb5 Kg4 74. Rb8 Ra3 75. Rg8+ Kf4 76. Rb8 Ra1 77. Rb7 Rb1 78. Rb5 Ra1
79. Rb8 Ra2 80. Rb5 Kg4 81. Rb8 Kf4 82. Rb7 Ke4 83. Rb5 f4 84. Rb8 Ra1 85. Re8+
Kf5 86. Rf8+ Ke4 87. Re8+ Kd4 88. Rd8+ Kc3 89. Rf8 Kxb3 90. Rxf4 Rc1 91. Rf8 a4
92. Rb8+ Ka2 93. f4 a3 94. Kf3 Ka1 95. f5 a2 96. Kf4 Rb1 97. Ra8 Kb2 98. f6
Rf1+ 99. Ke5 a1=Q 100. Rxa1 Kxa1 101. Ke6 Re1+ 102. Kf7 Kb2 103. Kg7 Rg1+ 104.
Kf8 Kc3 105. f7 Kd4 106. Ke8 Re1+ 107. Kd8 Rf1 108. Ke8 Re1+ 109. Kd8 Rf1 110.
Ke8 Re1+ 1/2-1/2

[Event "3rd ch-GER Internet Blitz Candidates"]
[Site "playchess INT"]
[Date "2005.04.02"]
[Round "2"]
[White "Heinzel, O."]
[Black "Krivoshey, S."]
[Result "1/2-1/2"]
[WhiteElo "2402"]
[BlackElo "2487"]
[PlyCount "168"]
[EventDate "2005.04.02"]
[EventType "swiss (blitz)"]
[EventRounds "15"]
[Source "Mark Crowther"]
[SourceDate "2005.04.04"]

1. d4 Nf6 2. Nf3 d5 3. Bf4 c5 4. c3 Nc6 5. e3 Qb6 6. Qb3 c4 7. Qc2 Bf5 8. Qc1
e6 9. h3 Be7 10. Nbd2 Qd8 11. Be2 h6 12. b3 b5 13. O-O O-O 14. a4 a6 15. Re1
Qb6 16. Ne5 Rfc8 17. Nxc6 Qxc6 18. axb5 axb5 19. bxc4 bxc4 20. Bf3 Bd3 21. Be5
Nd7 22. Bg3 Qb7 23. h4 Rxa1 24. Qxa1 Ra8 25. Qc1 Ba3 26. Qd1 Qb2 27. e4 Nf6 28.
exd5 Nxd5 29. Ne4 Bf8 30. Qc1 Ra2 31. Qxb2 Rxb2 32. Ra1 Rb1+ 33. Rxb1 Bxb1 34.
Nd2 Bd3 35. Bxd5 exd5 36. f3 Ba3 37. Be1 f6 38. Nf1 Kf7 39. Ne3 Ke6 40. Kf2 f5
41. g3 g5 42. hxg5 hxg5 43. Bd2 Bd6 44. Nd1 f4 45. gxf4 gxf4 46. Ke1 Kf5 47.
Nf2 Bc2 48. Bc1 Be7 49. Kd2 Ba4 50. Ng4 Bd6 51. Ke2 Bd7 52. Nf2 Kg5 53. Bd2 Bf5
54. Be1 Ba3 55. Kd2 Be6 56. Ke2 Bc1 57. Bd2 Bxd2 58. Kxd2 Kh4 59. Ke2 Kg3 60.
Nd1 Kg2 61. Nf2 Bf5 62. Nd1 Bd3+ 63. Ke1 Kxf3 64. Nf2 Kg2 65. Ng4 Bf5 66. Nf2
f3 67. Nd1 Bd3 68. Nf2 Bc2 69. Ng4 Kg3 70. Nf2 Bf5 71. Nd1 Bg6 72. Nf2 Bc2 73.
Nh1+ Kf4 74. Nf2 Ke3 75. Ng4+ Kd3 76. Nf6 Kxc3 77. Nxd5+ Kxd4 78. Nb6 c3 79.
Kf2 Be4 80. Na4 c2 81. Nb2 c1=Q 82. Nd1 Qxd1 83. Kg3 Qg1+ 84. Kf4 f2 1/2-1/2

[Event "3rd ch-GER Internet Blitz Candidates"]
[Site "playchess INT"]
[Date "2005.04.02"]
[Round "3"]
[White "Schunk, T1."]
[Black "Seel, C."]
[Result "0-1"]
[WhiteElo "2280"]
[BlackElo "2477"]
[PlyCount "46"]
[EventDate "2005.04.02"]
[EventType "swiss (blitz)"]
[EventRounds "15"]
[Source "Mark Crowther"]
[SourceDate "2005.04.04"]

1. e4 e5 2. Nc3 Nf6 3. f4 d5 4. fxe5 Nxe4 5. Nf3 Nc6 6. Bb5 Bg4 7. Qe2 Ng5 8.
h4 Nxf3+ 9. gxf3 Be6 10. d4 Be7 11. Qf2 a6 12. Bxc6+ bxc6 13. Be3 Qb8 14. O-O-O
Qb4 15. Rhg1 Rb8 16. Rd3 Bf5 17. a3 Qxb2+ 18. Kd2 Bxd3 19. Rb1 Qxc2+ 20. Ke1
Rxb1+ 21. Nxb1 Qxb1+ 22. Kd2 Qc2+ 23. Ke1 Qxf2+ 0-1

[Event "3rd ch-GER Internet Blitz Candidates"]
[Site "playchess INT"]
[Date "2005.04.02"]
[Round "3"]
[White "Haba, P."]
[Black "Heinzel, O."]
[Result "1-0"]
[WhiteElo "2525"]
[BlackElo "2402"]
[PlyCount "67"]
[EventDate "2005.04.02"]
[EventType "swiss (blitz)"]
[EventRounds "15"]
[Source "Mark Crowther"]
[SourceDate "2005.04.04"]

1. d4 Nf6 2. c4 e5 3. dxe5 Ne4 4. Nd2 Bb4 5. Ngf3 Nc6 6. a3 Nxd2 7. Bxd2 Bxd2+
8. Qxd2 Qe7 9. Qc3 O-O 10. Rd1 Re8 11. Rd5 b6 12. e3 Bb7 13. Be2 Na5 14. b4
Bxd5 15. cxd5 Nb7 16. Qxc7 d6 17. Qxe7 Rxe7 18. exd6 Nxd6 19. Nd4 Rc7 20. Nc6
Kf8 21. f3 f5 22. Kd2 Kf7 23. Rc1 Kf6 24. Bd3 Re8 25. Rf1 g6 26. e4 Rxc6 27.
dxc6 Rc8 28. exf5 Rxc6 29. fxg6 hxg6 30. Rc1 Rxc1 31. Kxc1 g5 32. Kd2 Ke5 33.
Ke3 Nf7 34. g3 1-0

[Event "3rd ch-GER Internet Blitz Candidates"]
[Site "playchess INT"]
[Date "2005.04.02"]
[Round "3"]
[White "Phildius, B."]
[Black "Buchenau, F."]
[Result "1/2-1/2"]
[WhiteElo "2312"]
[BlackElo "2345"]
[PlyCount "64"]
[EventDate "2005.04.02"]
[EventType "swiss (blitz)"]
[EventRounds "15"]
[Source "Mark Crowther"]
[SourceDate "2005.04.04"]

1. b3 d5 2. Bb2 Bg4 3. Nf3 Bxf3 4. gxf3 Nf6 5. e3 g6 6. f4 Bg7 7. Nc3 Ne4 8. d4
Nxc3 9. Bxc3 Nd7 10. Bg2 O-O 11. Qd2 c6 12. O-O Nf6 13. Ba5 Qd7 14. c4 Qf5 15.
Rac1 Ne4 16. Qe1 b6 17. Bd2 Rac8 18. f3 Nxd2 19. Qxd2 Rfd8 20. cxd5 cxd5 21.
Rfd1 Qd7 22. Bf1 Rxc1 23. Rxc1 Rc8 24. Ba6 Rc6 25. Rc3 Qc7 26. Rxc6 Qxc6 27.
Bd3 e6 28. Qc2 Qxc2 29. Bxc2 Bf8 30. Kf2 Bb4 31. Ke2 Kf8 32. Kd3 Ke7 1/2-1/2

[Event "3rd ch-GER Internet Blitz Candidates"]
[Site "playchess INT"]
[Date "2005.04.02"]
[Round "3"]
[White "Boettcher, C."]
[Black "Buchenthal, D."]
[Result "0-1"]
[WhiteElo "2166"]
[BlackElo "2258"]
[PlyCount "80"]
[EventDate "2005.04.02"]
[EventType "swiss (blitz)"]
[EventRounds "15"]
[Source "Mark Crowther"]
[SourceDate "2005.04.04"]

1. e4 c5 2. d3 Nc6 3. Nd2 e6 4. g3 d5 5. Bg2 Nf6 6. f4 Be7 7. c3 O-O 8. Qe2 b6
9. Ngf3 Ba6 10. e5 Nd7 11. O-O b5 12. g4 Qc7 13. Rf2 b4 14. Nf1 bxc3 15. bxc3
Rab8 16. Ng3 Qa5 17. Bd2 Rb2 18. a3 Rfb8 19. Rff1 Qb5 20. Ne1 Na5 21. Rd1 Nb3
22. Qe3 Qa5 23. Rf2 Qxa3 24. f5 Nxd2 25. Rfxd2 Qxc3 26. Rxb2 Rxb2 27. Nh5 Qxe5
28. Qh3 Bg5 29. Nf3 Qe2 30. Re1 Be3+ 31. Kh1 Qf2 32. Rf1 Qxg2+ 33. Qxg2 Rxg2
34. Kxg2 Bxd3 35. Ra1 c4 36. fxe6 fxe6 37. Ng3 c3 38. Nf1 Bf4 39. Kf2 Bxf1 40.
Kxf1 c2 0-1

[Event "3rd ch-GER Internet Blitz Candidates"]
[Site "playchess INT"]
[Date "2005.04.02"]
[Round "3"]
[White "Heyken, E."]
[Black "Fridman, D2."]
[Result "0-1"]
[WhiteElo "2331"]
[BlackElo "2569"]
[PlyCount "60"]
[EventDate "2005.04.02"]
[EventType "swiss (blitz)"]
[EventRounds "15"]
[Source "Mark Crowther"]
[SourceDate "2005.04.04"]

1. d4 d5 2. Bg5 h6 3. Bh4 c6 4. e3 Qb6 5. b3 e5 6. Nf3 e4 7. Nfd2 Be7 8. Bxe7
Nxe7 9. Be2 Be6 10. O-O O-O 11. c4 Nd7 12. Nc3 f5 13. f4 c5 14. Na4 Qa5 15.
cxd5 Nxd5 16. Nc4 Qc7 17. Nxc5 Nxc5 18. dxc5 Qxc5 19. Qd4 Qxd4 20. exd4 Rfd8
21. Rac1 Nb4 22. a3 Nc6 23. Ne5 Nxd4 24. Rfe1 Rac8 25. Kf2 Nxb3 26. Rb1 Rc3 27.
g4 Rd2 28. Red1 fxg4 29. Rxb3 Bxb3 30. Rxd2 e3+ 0-1

[Event "3rd ch-GER Internet Blitz Candidates"]
[Site "playchess INT"]
[Date "2005.04.02"]
[Round "3"]
[White "Heimann, A."]
[Black "Schoeneberg, M."]
[Result "0-1"]
[WhiteElo "2095"]
[BlackElo "2326"]
[PlyCount "104"]
[EventDate "2005.04.02"]
[EventType "swiss (blitz)"]
[EventRounds "15"]
[Source "Mark Crowther"]
[SourceDate "2005.04.04"]

1. e4 c5 2. Nc3 g6 3. Nge2 Bg7 4. d4 cxd4 5. Nxd4 Nc6 6. Be3 Nf6 7. Bc4 d6 8.
f3 Qc7 9. Qd2 Nxd4 10. Qxd4 O-O 11. Bb3 Ng4 12. Qd2 Nxe3 13. Qxe3 Be6 14. O-O
a6 15. Rad1 Rac8 16. Rfe1 Bxc3 17. bxc3 Qxc3 18. Qg5 Qc5+ 19. Qxc5 Rxc5 20.
Bxe6 fxe6 21. Rd2 Rfc8 22. Rb1 Rxc2 23. Rxc2 Rxc2 24. Rxb7 Kf7 25. a4 Rc4 26.
e5 d5 27. a5 Rc5 28. Rb4 Rxa5 29. Rh4 Kg7 30. Rb4 Rb5 31. Ra4 a5 32. Kf2 g5 33.
Kg3 Kg6 34. Ra1 Kf5 35. Re1 a4 36. Kf2 h5 37. h3 h4 38. g4+ hxg3+ 39. Kxg3 a3
40. Ra1 Ra5 41. Ra2 Kxe5 42. Re2+ Kf5 43. Ra2 e5 44. Kf2 d4 45. Ke2 Kf4 46. Kf2
d3 47. Ke1 Ke3 48. Kd1 d2 49. f4 exf4 50. h4 f3 51. Rxd2 a2 52. Rxa2 Rxa2 0-1

[Event "3rd ch-GER Internet Blitz Candidates"]
[Site "playchess INT"]
[Date "2005.04.02"]
[Round "3"]
[White "Krivoshey, S."]
[Black "Ottmann, M."]
[Result "1-0"]
[WhiteElo "2487"]
[BlackElo "2142"]
[PlyCount "37"]
[EventDate "2005.04.02"]
[EventType "swiss (blitz)"]
[EventRounds "15"]
[Source "Mark Crowther"]
[SourceDate "2005.04.04"]

1. Nf3 Nf6 2. c4 c6 3. d4 d5 4. e3 e6 5. Bd3 Nbd7 6. O-O a6 7. Nbd2 Bd6 8. e4
dxe4 9. Nxe4 Nxe4 10. Bxe4 O-O 11. Bc2 e5 12. dxe5 Nxe5 13. Nxe5 Bxe5 14. Bxh7+
Kxh7 15. Qh5+ Kg8 16. Qxe5 Re8 17. Qg3 Qf6 18. Bd2 Qe5 19. Rae1 1-0

[Event "3rd ch-GER Internet Blitz Candidates"]
[Site "playchess INT"]
[Date "2005.04.02"]
[Round "3"]
[White "Buscher, M."]
[Black "Drabke, L."]
[Result "0-1"]
[WhiteElo "2305"]
[BlackElo "2456"]
[PlyCount "92"]
[EventDate "2005.04.02"]
[EventType "swiss (blitz)"]
[EventRounds "15"]
[Source "Mark Crowther"]
[SourceDate "2005.04.04"]

1. e4 c5 2. Nf3 e6 3. c3 Nf6 4. e5 Nd5 5. d4 cxd4 6. cxd4 b6 7. Nc3 Nxc3 8.
bxc3 Qc7 9. Bd2 Be7 10. Bd3 Ba6 11. Qe2 Bxd3 12. Qxd3 d6 13. O-O O-O 14. Rfe1
Nd7 15. exd6 Qxd6 16. c4 Rac8 17. a4 Bf6 18. Rad1 Qc6 19. Bb4 Rfd8 20. Nd2 Qxa4
21. Bc3 Ne5 22. Qg3 Nxc4 23. Ne4 Be7 24. d5 e5 25. d6 Nxd6 26. Bxe5 Nf5 27.
Rxd8+ Rxd8 28. Qf4 Rd1 29. Bc3 Rxe1+ 30. Bxe1 Qd1 31. Kf1 Qd3+ 32. Kg1 Qe2 33.
Nd2 Qxe1+ 34. Nf1 Qe6 35. Qb8+ Bf8 36. Qxa7 Nd4 37. h3 g6 38. Qb7 Qc6 39. Qb8
b5 40. Ne3 Qc1+ 41. Kh2 Ne2 42. h4 Qg1+ 43. Kh3 Qxf2 44. Nd5 Ng1+ 45. Kg4 Qxg2+
46. Kf4 Qxd5 0-1

[Event "3rd ch-GER Internet Blitz Candidates"]
[Site "playchess INT"]
[Date "2005.04.02"]
[Round "3"]
[White "Brener, I."]
[Black "Margoline, B."]
[Result "1/2-1/2"]
[WhiteElo "2321"]
[BlackElo "2427"]
[PlyCount "92"]
[EventDate "2005.04.02"]
[EventType "swiss (blitz)"]
[EventRounds "15"]
[Source "Mark Crowther"]
[SourceDate "2005.04.04"]

1. e4 e5 2. Nf3 Nc6 3. Bb5 Nge7 4. c3 a6 5. Ba4 g6 6. O-O Bg7 7. d4 exd4 8.
cxd4 b5 9. Bb3 d6 10. Re1 Bg4 11. Be3 O-O 12. Nc3 Bxf3 13. gxf3 Na5 14. Bc2 Nc4
15. b3 Nxe3 16. fxe3 c5 17. Ne2 Rc8 18. Rc1 d5 19. e5 f6 20. f4 fxe5 21. dxe5
d4 22. Qd2 dxe3 23. Qxe3 Qb6 24. Qe4 Qe6 25. Ng3 Rcd8 26. Rcd1 Nd5 27. f5 gxf5
28. Nxf5 Nc3 29. Nxg7 Qh3 30. Qxh7+ Qxh7 31. Bxh7+ Kxg7 32. Rxd8 Rxd8 33. Bf5
Kf7 34. a3 Ke7 35. h4 Rf8 36. Bg6 Nd5 37. h5 Nf4 38. Rd1 Rh8 39. Kf2 Nxh5 40.
Ke3 Ng7 41. Ke4 Ne6 42. Rf1 Rh4+ 43. Ke3 Rh3+ 44. Ke4 Rh4+ 45. Ke3 Rh3+ 46. Ke4
Rh4+ 1/2-1/2